| LEADER 01174nam 2200277 a 4500 |
| 001 12334105160 |
| 003 ULIB |
| 008 030417s2551 th a sb 001 0 tha |
| 020 ^a9789744224408
|
| 060 4 ^aWS200^bป525 2551 ล.2
|
| 245 0 ^aปัญหาโรคเด็กที่พบบ่อย 2 /^cบรรณาธิการ ศรีศุภลักษณ์ สิงคาลวนิช และคณะ
|
| 250 ^aพิมพ์ครั้งที่ 2
|
| 260 ^aกรุงเทพฯ :^bสถาบันสุขภาพเด็กแห่งชาติมหาราชินี,^c2551
|
| 300 ^a387 หน้า :^bภาพประกอบ
|
| 520 ^aหนังสือเล่มนี้รวบรวมความรู้เกี่ยวกับโรคเด็กทางกุมารเวชศาสตร์ เช่น ปฏิกิริยาไม่พึงประสงค์จากอาหาร, การเลี้ยงลูกด้วยนมแม่, การเล่นในเด็กและกิจกรรมส่งเสริมพัฒนาการ, โรค PTSD ในเด็ก, ปัหาการเจริญเติมโตของอวัยวะสืบพันธุ์ในวัยรุ่น, โรคหัวใจพิการแต่กำเนิด, โรคผื่นภูมิแพ้ผิวหนัง เป็นต้น
|
| 650 7 ^aกุมารเวชศาสตร์
|
| 650 7 ^aโรค^xการรักษา
|
| 650 7 ^aโรคู^xในวัยทารกและวัยเด็ก
|
| 700 0 ^aศรีศุภลักษณ์ สิงคาลวณิช,^eบรรณาธิการ
|
| 710 2 ^aสถาบันสุขภาพเด็กแห่งชาติมหาราชินี
|
| 913 ^aImported by ULIBM Administrator
|
| 949 ^aImport form external file by ULIBM system
|
| 999 ^aสุณิสา
|